[Event "Death Chess Teacher Josè Zombie"]
[Site "http://www.queenalice.com/game.php?id=1804582"]
[Date "2023.1.22"]
[Round "-"]
[White "Ahlkhanvio"]
[Black "JOSETEZOMBIE"]
[Result "1-0"]
[WhiteElo "2633"]
[BlackElo "2484"]

1. d4 Nf6 2. Bg5 d5 3. e3 c5 4. Bxf6 gxf6 5. dxc5 Nc6 6. c3 e6 7. b4 a5 8. Bb5
Bg7 9. a3 f5 10. Ra2 O-O 11. Bxc6 bxc6 12. Ne2 Re8 13. O-O axb4 14. cxb4 e5 15.
Nd2 Qf6 16. a4 f4 17. exf4 exf4 18. Nf3 Ba6 19. Re1 Re4 20. Rd2 Rxb4 21. Ned4
Bc4 22. a5 Rab8 23. h3 Ra8 24. Ne5 Bb5 25. a6 f3 26. Nexf3 Bxa6 27. Ra2 Qg6 28.
Ra4 Rxa4 29. Qxa4 Bf8 30. Qb4 Bc8 31. Ne5 Qg5 32. Re3 Bg7 33. Nef3 Qf6 34. Re8+
Bf8 35. Qc3 Bb7 36. Rxa8 Bxa8 37. Qb4 Qf4 38. g3 Qc7 39. Nf5 Bb7 40. Qg4+ Kh8
41. Qd4+ Kg8 42. Qf6 Bc8 43. Nh6+ Bxh6 44. Qxh6 Be6 45. Qg5+ Kf8 46. Qf6 Ke8 47.
Qh8+ Ke7 48. Qxh7 Qa5 49. Qh4+ f6 50. Qh7+ Kf8 51. Qg6 Qc3 52. Nh4 Bxh3 53. Qh7
Ke8 54. Qg8+ Kd7 55. Kh2 Qxc5 56. Qf7+ Qe7 57. Qxe7+ Kxe7 58. Kxh3 Ke6 59. Kg4
Ke5 60. Kf3 c5 61. Ke2 Kd4 62. Ng2 f5 63. f4 1-0

[Event "AUTO-ELITE- 9999 - Round 9999 "]
[Site "http://www.queenalice.com/game.php?id=1810110"]
[Date "2023.4.17"]
[Round "-"]
[White "MLSChess"]
[Black "JOSETEZOMBIE"]
[Result "0-1"]
[WhiteElo "2550"]
[BlackElo "2474"]

1. e4 c5 2. Nf3 d6 3. d4 cxd4 4. Nxd4 Nf6 5. Nc3 a6 6. Be3 e5 7. Nb3 Be6 8. h3
Be7 9. Qf3 O-O 10. g4 a5 11. Bb5 Na6 12. O-O-O Rc8 13. g5 Nd7 14. a4 Nc7 15. Be2
b5 16. axb5 a4 17. Nd2 a3 18. bxa3 f5 19. Nc4 Kh8 20. Nxd6 f4 21. Ba7 Ra8 22. b6
Nxb6 23. Bxb6 Bxd6 24. Nb5 Qb8 25. Ba7 Rxa7 26. Nxd6 Ra5 27. g6 Rc5 28. Rhg1 h6
29. Kd2 Nd5 30. exd5 Rxd5+ 31. Kc1 Rxd6 32. Rge1 Rb6 33. Bd3 Re8 34. Kd2 Bd7 35.
Re4 Bc6 36. Rde1 Rd8 37. Ke2 Rb1 38. Qh1 Bxe4 39. Bxe4 Qb5+ 40. Kf3 Rd2 41. h4
h5 42. Qg1 Rbd1 43. Qg5 Rxe1 44. Qxh5+ Kg8 45. Qh7+ Kf8 46. Qh8+ Ke7 47. Qxg7+
Kd6 48. Qf6+ Kc7 49. c4 Qb3+ 50. Kg4 Rxe4 51. Kg5 Qxc4 52. h5 Rd7 53. Kh6 f3 54.
Qg5 Qg8 55. Qf6 Qa2 56. Qg5 Qxf2 57. g7 Qb6+ 58. Kh7 Qe6 59. Qc1+ Rc4 60. Qg1 f2
0-1

[Event "  "]
[Site "http://www.queenalice.com/game.php?id=1842905"]
[Date "2024.9.2"]
[Round "-"]
[White "JOSETEZOMBIE"]
[Black "oldprofessor"]
[Result "1-0"]
[WhiteElo "2485"]
[BlackElo "2048"]

1. c4 b6 2. d4 c5 3. d5 Nf6 4. f3 e5 5. e4 d6 6. Nc3 Be7 7. g3 h6 8. Nh3 Bd7 9.
Nf2 O-O 10. f4 Qc8 11. f5 Na6 12. g4 Nh7 13. h4 f6 14. a3 1-0

[Event "  "]
[Site "http://www.queenalice.com/game.php?id=1842967"]
[Date "2024.9.2"]
[Round "-"]
[White "JOSETEZOMBIE"]
[Black "CCapivara"]
[Result "1-0"]
[WhiteElo "2479"]
[BlackElo "2245"]

1. c4 e5 2. Nc3 f5 3. g3 Nf6 4. Bg2 d6 5. Nf3 Be7 6. O-O c6 7. d3 O-O 8. b4 Kh8
9. a4 Be6 10. b5 Qc8 11. Ba3 Re8 12. Rb1 Nbd7 13. a5 d5 14. bxc6 bxc6 15. Bxe7
Rxe7 16. cxd5 cxd5 17. Qa4 e4 18. Qb4 Re8 19. Nd4 Rb8 20. Ncb5 Qb7 21. Qd6 Bg8
22. Rbc1 Ne5 23. Rc7 Qa8 24. Rxa7 1-0

[Event "  "]
[Site "http://www.queenalice.com/game.php?id=1842969"]
[Date "2024.9.2"]
[Round "-"]
[White "JOSETEZOMBIE"]
[Black "CCapivara"]
[Result "1-0"]
[WhiteElo "2482"]
[BlackElo "2240"]

1. e4 d6 2. d4 Nf6 3. Nc3 c6 4. f4 Qa5 5. Bd3 e5 6. Nf3 exf4 7. Bxf4 Be7 8. O-O
O-O 9. e5 dxe5 10. dxe5 Nd5 11. Nxd5 Qxd5 12. Qe1 Bg4 13. Bg5 Bxg5 14. Bxh7+
Kxh7 15. Nxg5+ Kg6 16. Qh4 Bh5 17. Rae1 Nd7 18. Nh3 Qc5+ 19. Kh1 Rae8 20. Rf5
Kxf5 21. Qg5+ Ke6 22. Nf4# 1-0

[Event "AUTO-ELITE-2583"]
[Site "http://www.queenalice.com/game.php?id=1857081"]
[Date "2025.5.10"]
[Round "1"]
[White "JOSETEZOMBIE"]
[Black "Donidon"]
[Result "1-0"]
[WhiteElo "2492"]
[BlackElo "2208"]

1. Nh3 Nf6 2. g3 e5 3. d4 exd4 4. Qxd4 Nc6 5. Qa4 d5 6. Bg2 Bc5 7. Nf4 O-O 8.
O-O Ne5 9. Nd3 Nxd3 10. cxd3 c6 11. Qc2 Qb6 12. Nc3 Be7 13. e4 Be6 14. Bg5 Rac8
15. e5 Qc5 16. exf6 gxf6 17. b4 Qxb4 18. Bh6 Rfe8 19. Rab1 Qg4 20. Rxb7 Bf5 21.
Ne2 Qg6 22. Qd2 Bxd3 23. Nf4 Qxh6 24. Qxd3 Bd6 25. Ne2 Qg6 26. Qf3 a5 27. Nd4 a4
28. Bh3 Rc7 29. Rxc7 Bxc7 30. Nxc6 Qe4 31. Qxf6 1-0

[Event "AUTO-ELITE-2583"]
[Site "http://www.queenalice.com/game.php?id=1857082"]
[Date "2025.5.10"]
[Round "1"]
[White "Donidon"]
[Black "JOSETEZOMBIE"]
[Result "0-1"]
[WhiteElo "2205"]
[BlackElo "2494"]

1. e4 c5 2. Nf3 a6 3. d4 cxd4 4. Nxd4 Nf6 5. Nc3 e5 6. Nf5 d5 7. Bg5 d4 8. Bxf6
gxf6 9. Nb1 Bxf5 10. exf5 Qa5+ 11. c3 Nc6 12. Bd3 O-O-O 13. O-O dxc3 14. Nxc3
Nb4 15. Qe2 Nxd3 16. Rad1 Nb4 17. Qc4+ Kb8 18. a3 Nc6 0-1

[Event "AUTO-ELITE-2583"]
[Site "http://www.queenalice.com/game.php?id=1857083"]
[Date "2025.5.10"]
[Round "1"]
[White "JOSETEZOMBIE"]
[Black "Sexxy_Bunny"]
[Result "1/2-1/2"]
[WhiteElo "2489"]
[BlackElo "2633"]

1. a4 d5 2. d4 Nf6 3. Nf3 Bf5 4. Bf4 e6 5. e3 Bd6 6. Bd3 Bxd3 7. Qxd3 O-O 8. O-O
c5 9. dxc5 Bxc5 10. c4 Qb6 11. Nc3 dxc4 12. Qxc4 Nc6 13. Qb5 Rac8 14. Bg5 Nd7
15. Ne4 Bb4 16. Rfd1 a6 17. Qf1 f5 18. Ned2 Bxd2 19. Nxd2 Nde5 20. Nc4 Qb3 21.
Rac1 h6 22. Rc3 Qb4 23. Bf4 Nxc4 24. Qxc4 Qxc4 25. Rxc4 g5 26. Bd6 Rfd8 27. Rcc1
Kf7 28. Bc5 e5 29. f3 Ke6 30. Kf2 h5 31. h3 e4 32. fxe4 fxe4 33. Ke2 Rxd1 34.
Rxd1 Rd8 35. Rxd8 Nxd8 36. Kd2 b5 37. axb5 axb5 38. Kc3 Nc6 39. g4 hxg4 40. hxg4
Ne5 41. Kd4 Nxg4 42. Kxe4 Nf2+ 43. Kd4 Nd1 44. b3 g4 45. e4 g3 46. Bb6 Kd6 47.
Ba7 Ke6 48. Kc5 Nc3 49. Kd4 Na2 50. Ke3 Nc1 51. b4 g2 52. Kf3 Nb3 53. Kxg2 Nd2
54. Kf2 Nxe4+ 55. Ke3 Ke5 56. Bd4+ Kd5 57. Kd3 Ng5 58. Bb2 Nh3 59. Bc1 Nf2+ 60.
Kc3 Ne4+ 61. Kd3 Nf2+ 62. Kc3 Ne4+ 63. Kd3 Nf2+ 1/2-1/2

[Event "AUTO-ELITE-2583"]
[Site "http://www.queenalice.com/game.php?id=1857084"]
[Date "2025.5.10"]
[Round "1"]
[White "Sexxy_Bunny"]
[Black "JOSETEZOMBIE"]
[Result "1/2-1/2"]
[WhiteElo "2633"]
[BlackElo "2486"]

1. e4 c5 2. Nf3 d6 3. d4 cxd4 4. Nxd4 Nf6 5. Nc3 a6 6. Be3 e5 7. Nb3 Be6 8. f3
Be7 9. Qd2 O-O 10. O-O-O Nbd7 11. g4 b5 12. g5 Nh5 13. Nd5 Bxd5 14. exd5 f6 15.
gxf6 Bxf6 16. Na5 Qe8 17. Bh3 Kh8 18. Be6 Nf4 19. Kb1 Be7 20. Nc6 Bd8 21. Nxd8
Qxd8 22. Rhg1 Rf6 23. a3 Nf8 24. h4 Qe8 25. Bg4 h5 26. Be6 N4xe6 27. dxe6 Nxe6
28. Qxd6 Nd4 29. Qc7 Rf7 30. Qd6 Rf6 31. Qc7 Rf7 32. Qd6 Rf6 1/2-1/2

[Event "AUTO-ELITE-2583"]
[Site "http://www.queenalice.com/game.php?id=1858920"]
[Date "2025.6.22"]
[Round "2"]
[White "Sexxy_Bunny"]
[Black "JOSETEZOMBIE"]
[Result "1-0"]
[WhiteElo "2695"]
[BlackElo "2512"]

1. e4 Na6 2. d4 c6 3. Nf3 d6 4. Nc3 Nc7 5. Bd3 g6 6. O-O Bg7 7. h3 e5 8. Bg5 Ne7
9. dxe5 dxe5 10. Qd2 O-O 11. Bh6 Qd6 12. Rfd1 Ne6 13. a4 a5 14. Ne2 b6 15. Be3
c5 16. c3 Qc6 17. Ng3 Rd8 18. Qe2 Nf4 19. Bxf4 exf4 20. Nf1 Be6 21. N1d2 h6 22.
Bb5 Qd6 23. e5 Qc7 24. Bc4 Qc6 25. h4 Bg4 26. Bb3 Re8 27. Bc4 Red8 28. Bb3 Re8
29. Re1 Nd5 30. Qe4 Rad8 31. Rad1 Bf5 32. Qc4 Qa8 33. Qf1 Be6 34. Nc4 Qa6 35.
Qe2 Ne7 36. Qe4 Rxd1 37. Rxd1 Nf5 38. Ba2 Qa7 39. Qxf4 Qb8 40. h5 Rd8 41. Rxd8+
Qxd8 42. Qd2 Qxd2 43. Nfxd2 Bxe5 44. Nxe5 Bxa2 45. Nec4 Bxc4 46. Nxc4 gxh5 47.
Nxb6 Nd6 48. Kh2 Kg7 49. Nd7 c4 50. Kg3 f6 51. Kf4 Kf7 52. Nc5 h4 53. Ne4 Nc8
54. Nd2 Nb6 55. Ke3 Ke6 56. Kd4 Nd5 57. Kxc4 Nf4 58. Kb5 Kd7 59. Kxa5 Kc7 60.
Ka6 Nxg2 61. b4 h3 62. Nf1 Kb8 63. a5 Ne1 64. Kb6 Nf3 65. a6 Ka8 66. b5 h2 67.
Nxh2 Nxh2 68. a7 Nf1 69. Ka6 Ne3 70. b6 f5 71. b7# 1-0

[Event "AUTO-ELITE-2583"]
[Site "http://www.queenalice.com/game.php?id=1858921"]
[Date "2025.6.22"]
[Round "2"]
[White "JOSETEZOMBIE"]
[Black "Sexxy_Bunny"]
[Result "1/2-1/2"]
[WhiteElo "2508"]
[BlackElo "2695"]

1. d4 Nf6 2. Nf3 d5 3. c4 e6 4. g3 Be7 5. Bg2 O-O 6. O-O dxc4 7. Qc2 a6 8. a4
Bd7 9. Qxc4 Bc6 10. Bf4 Bd6 11. Qc1 a5 12. Nc3 Na6 13. Bg5 h6 14. Bh4 Bxf3 15.
Bxf3 c6 16. Ne4 Be7 17. Bxf6 Bxf6 18. Rd1 Be7 19. e3 Qc7 20. Qc4 g6 21. h4 h5
22. Rac1 Rad8 23. Kg2 Nb4 24. Qe2 e5 25. Nc3 exd4 26. exd4 Bf6 27. d5 Qe5 28.
dxc6 Qxe2 29. Bxe2 bxc6 30. b3 Rxd1 31. Nxd1 Bd4 32. Ne3 Re8 33. Kf3 Ba7 34. Bf1
Re5 35. Bc4 Kf8 36. Re1 Bc5 37. Re2 Bd4 38. Rd2 Bxe3 39. fxe3 Rf5+ 40. Ke2 Ke7
41. e4 Re5 42. Kf3 f6 43. Rg2 Kf8 44. Kf4 Ke7 45. Kf3 f5 46. exf5 Rxf5+ 47. Ke2
Kd6 48. g4 hxg4 49. Rxg4 Rf6 50. Bd3 Nxd3 51. Kxd3 Kc5 52. Rc4+ Kd5 53. Ke2 c5
54. Rg4 Rb6 55. Rg5+ Kd4 56. Kd2 Rxb3 57. Rg4+ Kd5 58. Rg5+ Kd4 59. Rg4+ Kd5 60.
Rg5+ Kd4 1/2-1/2

[Event "AUTO-ELITE-2612"]
[Site "http://www.queenalice.com/game.php?id=1870055"]
[Date "2026.3.3"]
[Round "1"]
[White "JOSETEZOMBIE"]
[Black "trompmaster"]
[Result "1-0"]
[WhiteElo "2511"]
[BlackElo "2468"]

1. e4 d5 2. exd5 Nf6 3. Nf3 Qxd5 4. Be2 c6 5. Nc3 Qd8 6. O-O Bf5 7. d4 h6 8. Nh4
Bh7 9. f4 e6 10. f5 exf5 11. Nxf5 Bxf5 12. Rxf5 Bd6 13. Qe1 O-O 14. Qh4 Be7 15.
Kh1 Nh7 16. Qg3 Ng5 17. Bxg5 hxg5 18. Ne4 b5 19. Raf1 a5 20. Nxg5 Qd6 21. Qh3
Qh6 22. Qxh6 gxh6 23. Nxf7 Kg7 24. Nxh6 Nd7 25. Rf7+ Kxh6 26. Rxe7 Rae8 27. Rxe8
Rxe8 28. Bf3 Rf8 29. Kg1 Rf6 30. c3 c5 31. Bg4 Rxf1+ 32. Kxf1 Nf6 33. Bf3 cxd4
34. cxd4 Kg5 35. Ke2 Ng8 36. Ke3 Ne7 37. d5 Kf6 38. Kd4 Ng6 39. g3 a4 40. Be2 b4
41. d6 Ke6 42. Kc5 a3 43. b3 Ne5 44. h4 Nd7+ 45. Kc6 Ne5+ 46. Kc7 1-0

[Event "AUTO-ELITE-2612"]
[Site "http://www.queenalice.com/game.php?id=1870056"]
[Date "2026.3.3"]
[Round "1"]
[White "trompmaster"]
[Black "JOSETEZOMBIE"]
[Result "1/2-1/2"]
[WhiteElo "2513"]
[BlackElo "2508"]

1. Nf3 Na6 2. e4 e6 3. Nc3 Bb4 4. e5 b6 5. d4 c5 6. a3 Bxc3+ 7. bxc3 Bb7 8. Bd3
Ne7 9. O-O h6 10. Be3 O-O 11. Nd2 Nc7 12. Qg4 Nf5 13. dxc5 Nxe3 14. fxe3 Qg5 15.
Qxg5 hxg5 16. c4 bxc5 17. Rab1 Rab8 18. Be4 Ba6 19. Bd3 Bb7 20. Be4 Ba6 21. Bf3
Na8 22. a4 Nb6 23. Rfd1 f5 24. h3 Nxc4 25. Rxb8 Rxb8 26. Nxc4 Bxc4 27. Rxd7 Rb2
28. Rc7 Rxc2 29. Rxc5 Bd3 30. Rxc2 Bxc2 31. a5 Kf7 32. Kf2 Be4 33. Bxe4 fxe4 34.
Ke2 Kg6 35. Kd2 g4 36. Kc3 Kh5 37. Kd4 gxh3 38. gxh3 g5 39. Kc5 Kh4 40. Kd6 Kxh3
41. Kxe6 g4 42. Kf5 g3 43. e6 g2 44. e7 g1=Q 45. e8=Q Qxe3 46. Qxe4 Qa3 47. Qd5
a6 48. Ke6 Qf8 49. Qf5+ Qxf5+ 50. Kxf5 Kg3 1/2-1/2

[Event "AUTO-ELITE-2612"]
[Site "http://www.queenalice.com/game.php?id=1870057"]
[Date "2026.3.3"]
[Round "1"]
[White "JOSETEZOMBIE"]
[Black "raulzampronha"]
[Result "1-0"]
[WhiteElo "2508"]
[BlackElo "2253"]

1. Nh3 d5 2. g3 e5 3. f3 Nc6 4. Bg2 Bc5 5. c3 d4 6. b4 Bb6 7. a4 a6 8. Na3 dxc3
9. dxc3 Qxd1+ 10. Kxd1 Nge7 11. Kc2 f6 12. Nc4 Ba7 13. e4 Be6 14. Ne3 Rd8 15.
Nf2 Kf7 16. h4 Rd7 17. h5 Rhd8 18. Bf1 a5 19. b5 Nb8 20. Nd3 Nc8 21. f4 exf4 22.
Nxf4 Rd6 23. Nf5 1-0

[Event "AUTO-ELITE-2612"]
[Site "http://www.queenalice.com/game.php?id=1870058"]
[Date "2026.3.3"]
[Round "1"]
[White "raulzampronha"]
[Black "JOSETEZOMBIE"]
[Result "0-1"]
[WhiteElo "2256"]
[BlackElo "2518"]

1. e4 Na6 2. Bxa6 bxa6 3. Nf3 Bb7 4. Nc3 e6 5. O-O Bxe4 6. Nxe4 d5 7. Ng3 Nf6 8.
Re1 Bd6 9. b3 O-O 10. Bb2 c5 11. Be5 Bxe5 12. Nxe5 a5 13. a4 Qc7 14. d3 Rab8 15.
Nh5 Nxh5 16. Qxh5 Rb6 17. Re3 f6 18. Ng4 g6 19. Qh4 e5 20. Rae1 h5 21. Nh6+ Kh8
22. g4 Qg7 23. g5 fxg5 24. Qxg5 Qf6 25. Qxe5 Kh7 26. Ng4 hxg4 27. Qg3 Rf7 28.
R1e2 c4 29. dxc4 dxc4 30. Qxg4 cxb3 31. cxb3 Kg7 32. Re6 Rb4 33. Qg3 Qf5 34. h3
Rb6 35. Rxb6 axb6 36. Qe5+ Qf6 0-1